[Event "Espalion op 3rd"]
[Site "Espalion"]
[Date "2018.07.17"]
[Round "5"]
[White "Deceuninck, Andre"]
[Black "Dewilde, Rudi"]
[Result "1/2-1/2"]
[WhiteElo "1570"]
[BlackElo "1272"]
[PlyCount "42"]
[EventDate "2018.07.14"]
[EventType "swiss"]
[EventRounds "9"]
[EventCountry "FRA"]
[SourceTitle "CBM 185 Extra"]
[Source "ChessBase"]
[SourceDate "2018.07.29"]
[SourceVersion "1"]
[SourceVersionDate "2018.07.29"]
[SourceQuality "1"]

1. Nf3 e6 2. e3 d5 3. c4 c5 4. b3 Nc6 5. Bb2 Nf6 6. d4 Bd7 7. Nbd2 b6 8. Bd3 g6 9. dxc5 bxc5 10. 0-0 Bg7 11. Rc1 Qe7 12. cxd5 Nb4 13. Bb1 Nbxd5 14. Ne4 Rc8 15. Bxf6 Bxf6 16. Nxf6+ Nxf6 17. Ne5 0-0 18. Qf3 Nd5 19. Rfd1 Rfd8 20. e4 Qf6 21. exd5 Qxe5 1/2-1/2

[Event "Maastricht Limburg op-C 8th"]
[Site "Maastricht"]
[Date "2014.06.09"]
[Round "6"]
[White "Dewilde, Rudi"]
[Black "Petry, Richard"]
[Result "1/2-1/2"]
[WhiteElo "1190"]
[BlackElo "1151"]
[PlyCount "42"]
[EventDate "2014.06.06"]
[EventType "swiss"]
[EventRounds "7"]
[EventCountry "NED"]
[SourceTitle "EXT 2015"]
[Source "ChessBase"]
[SourceDate "2014.11.20"]
[SourceVersion "1"]
[SourceVersionDate "2014.11.20"]
[SourceQuality "1"]

1. e4 e5 2. Nf3 d6 3. h3 Nc6 4. Bc4 h6 5. 0-0 Nf6 6. d4 exd4 7. Nxd4 Ne5 8. Bb3 Nxe4 9. Nc3 Nxc3 10. bxc3 Qf6 11. f4 Nc6 12. Be3 Bd7 13. Qd3 Be7 14. Nb5 Bd8 15. Bd4 Nxd4 16. cxd4 0-0 17. f5 a6 18. Nc3 b5 19. Ne4 Qh4 20. Kh2 Bf6 21. g3 Qh5 1/2-1/2

[Event "Maastricht Limburg op-C 8th"]
[Site "Maastricht"]
[Date "2014.06.09"]
[Round "7"]
[White "Weidema, Luuk"]
[Black "Dewilde, Rudi"]
[Result "1-0"]
[WhiteElo "1189"]
[BlackElo "1190"]
[PlyCount "103"]
[EventDate "2014.06.06"]
[EventType "swiss"]
[EventRounds "7"]
[EventCountry "NED"]
[SourceTitle "EXT 2015"]
[Source "ChessBase"]
[SourceDate "2014.11.20"]
[SourceVersion "1"]
[SourceVersionDate "2014.11.20"]
[SourceQuality "1"]

1. f4 d5 2. b3 Bf5 3. Bb2 Nc6 4. Nf3 f6 5. e3 Qd6 6. Bb5 a6 7. Ba3 Qd8 8. Bxc6+ bxc6 9. Nd4 Bd7 10. Qh5+ g6 11. Qf3 e6 12. Bxf8 Kxf8 13. 0-0 Ne7 14. e4 c5 15. Ne2 f5 16. exf5 exf5 17. Re1 Bc6 18. Qc3 d4 19. Qxc5 Qd5 20. Qxd5 Bxd5 21. Nxd4 Kf7 22. Nc3 Bb7 23. Ne6 c6 24. Ng5+ Ke8 25. Ne6 Kf7 26. Ng5+ Ke8 27. Re3 Rd8 28. Ne6 Rxd2 29. Rd1 Rd7 30. Rxd7 Kxd7 31. Nc5+ Kc7 32. Rxe7+ Kd6 33. Rxb7 Kxc5 34. Na4+ Kd6 35. Ra7 Re8 36. Kf2 Re4 37. Kf3 Re1 38. Rxh7 Ra1 39. Rh6 Rxa2 40. Rxg6+ Kc7 41. Rf6 Rxc2 42. Rxf5 Ra2 43. h4 Ra3 44. Nc5 Kb6 45. h5 Ra1 46. Kg4 Rh1 47. Kg5 Rd1 48. Na4+ Kc7 49. Kg6 Rd6+ 50. Rf6 Rd8 51. Kg7 Kd7 52. h6 1-0

[Event "Maastricht Limburg op-C 8th"]
[Site "Maastricht"]
[Date "2014.06.07"]
[Round "3"]
[White "Laureys, Jo"]
[Black "Dewilde, Rudi"]
[Result "1/2-1/2"]
[WhiteElo "1264"]
[BlackElo "1190"]
[PlyCount "155"]
[EventDate "2014.06.06"]
[EventType "swiss"]
[EventRounds "7"]
[EventCountry "NED"]
[SourceTitle "EXT 2015"]
[Source "ChessBase"]
[SourceDate "2014.11.20"]
[SourceVersion "1"]
[SourceVersionDate "2014.11.20"]
[SourceQuality "1"]

1. d4 d5 2. Bf4 e6 3. Nf3 Bd6 4. Bxd6 Qxd6 5. e3 Nc6 6. Bd3 e5 7. Bb5 Qb4+ 8. Nc3 a6 9. Bxc6+ bxc6 10. Nxe5 Qxb2 11. Ne2 Ne7 12. 0-0 Bf5 13. Nd3 Bxd3 14. Qxd3 Qb4 15. Rab1 Qd6 16. Ng3 g6 17. Rfe1 0-0 18. e4 f6 19. c4 f5 20. e5 Qe6 21. c5 f4 22. Ne2 Qf5 23. Qd2 g5 24. f3 Ng6 25. Rf1 g4 26. Qc3 Nh4 27. Rf2 Qxb1+ 28. Nc1 gxf3 29. g3 Qg6 30. Qd2 fxg3 31. hxg3 Qxg3+ 32. Kf1 Kh8 33. Rh2 f2 34. Rxf2 Rxf2+ 35. Qxf2 Rg8 36. Qf6+ Qg7 37. Qxh4 Qg2+ 38. Ke1 Qg3+ 39. Qxg3 Rxg3 40. Ne2 Re3 41. Kd2 Rh3 42. e6 Rh6 43. Nf4 Rxe6 44. Nxe6 h5 45. Ke2 Kh7 46. Kf2 Kg6 47. Kg3 Kf5 48. Nxc7 a5 49. Kh4 Ke4 50. Ne6 Kd3 51. Kxh5 Kc3 52. Kg5 a4 53. Kf5 Kb2 54. Nc7 Kxa2 55. Nb5 Kb3 56. Ke5 Kc4 57. Na3+ Kb4 58. Nc2+ Kb3 59. Na1+ Kb2 60. Kd6 Kxa1 61. Kxc6 a3 62. Kxd5 a2 63. c6 Kb1 64. c7 a1Q 65. c8Q Qa5+ 66. Qc5 Qd8+ 67. Kc4 Qg8+ 68. d5 Qg4+ 69. Kb5 Qe2+ 70. Kc6 Qe8+ 71. Kb6 Qb8+ 72. Kc6 Qe8+ 73. Kd6 Qd8+ 74. Ke5 Qg5+ 75. Ke6 Qg8+ 76. Kf6 Qh8+ 77. Ke7 Qg7+ 78. Kd6 1/2-1/2